000 00465nam a2200169Ia 4500
003 IN-BaIIA
008 211028s9999 xx 000 0 eng d
040 _cIIA Library
080 _a51
_bSCH
100 _aScheffers, Geore
_91691
245 0 _aLehrbuch der mathematik
_cGeore Scheffers
250 _a8th ed.
260 _aNew York
_bMary S. Rosenberg
_c1945
300 _aviii, 743p.
650 _aMathematics
_982
942 _cBK
999 _c785
_d785